Govt. of
Madhya Pradesh

SUPREME Court Of India Musings,Anecdotes & Episodes (Record no. 68248)

MARC details
000 -LEADER
fixed length control field 00290nam a22001097a 4500
082 ## - DEWEY DECIMAL CLASSIFICATION NUMBER
Classification number 347
100 ## - MAIN ENTRY--AUTHOR NAME
Personal name N,Vijayaraghavan
245 ## - TITLE STATEMENT
Title SUPREME Court Of India Musings,Anecdotes & Episodes
260 ## - PUBLICATION, DISTRIBUTION, ETC. (IMPRINT)
Place of publication Haryana
Name of publisher Oakbridge Publishing
Year of publication 2024
650 ## - SUBJECT ADDED ENTRY--TOPICAL TERM
Topical Term Court
942 ## - ADDED ENTRY ELEMENTS (KOHA)
Koha item type Competitive Books
Holdings
Withdrawn status Lost status Damaged status Not for loan Home library Current library Date acquired Cost, normal purchase price Full call number Accession Number Price effective from Koha item type
        MACL MACL 10/10/2025 695.00 347 DPI003876 10/10/2025 Competitive Books